000 00432nam a22001697a 4500
005 20180226171242.0
008 160503b xxu||||| |||| 00| 0 eng d
020 _a81-7866892-0
041 _aeng
082 _b1134
_a331
100 _aMamoria C.B. Satish nandan S.V.
_9375
245 _aDynamics of Industrial Relations
260 _aMumbai
_bHimalya Publishing House,
300 _a891
650 _aManagement
_9241
942 _cBK
999 _c442
_d442